Roots of contemporary American architecture; (Record no. 352372)

000 -LEADER
fixed length control field 00999 a2200229 4500
003 - CONTROL NUMBER IDENTIFIER
control field OSt
005 - DATE AND TIME OF LATEST TRANSACTION
control field 20180116192333.0
008 - FIXED-LENGTH DATA ELEMENTS--GENERAL INFORMATION
fixed length control field 120308t xxu||||| |||| 00| 0 eng d
010 ## - LIBRARY OF CONGRESS CONTROL NUMBER
LC control number 75171490
020 ## - INTERNATIONAL STANDARD BOOK NUMBER
International Standard Book Number 0486220729
040 ## - CATALOGING SOURCE
Transcribing agency 0
082 00 - DEWEY DECIMAL CLASSIFICATION NUMBER
Classification number 720.973
100 1# - MAIN ENTRY--PERSONAL NAME
Personal name Mumford, Lewis,
9 (RLIN) 618
245 10 - TITLE STATEMENT
Title Roots of contemporary American architecture;
Remainder of title a series of thirty-seven essays dating from the mid-nineteenth century to the present.
260 ## - PUBLICATION, DISTRIBUTION, ETC.
Place of publication, distribution, etc. New York,
Name of publisher, distributor, etc. Dover Publications
Date of publication, distribution, etc. [1972]
300 ## - PHYSICAL DESCRIPTION
Extent xviii, 452 p.
Other physical details illus.
Dimensions 22 cm.
500 ## - GENERAL NOTE
General note "An unabridged republication of the second (1959) edition ... The biographical sketches have been updated especially for this edition, and the illustrations appear for the first time."
650 #0 - SUBJECT ADDED ENTRY--TOPICAL TERM
Topical term or geographic name entry element Architecture
Geographic subdivision United States
General subdivision History
Chronological subdivision 19th century.
9 (RLIN) 619
650 #0 - SUBJECT ADDED ENTRY--TOPICAL TERM
Topical term or geographic name entry element Architecture
Geographic subdivision United States
General subdivision History
Chronological subdivision 20th century.
9 (RLIN) 620
942 ## - ADDED ENTRY ELEMENTS (KOHA)
Institution code [OBSOLETE] SADA
Koha item type Book
Call number prefix 720.973 MUM 1972
Source of classification or shelving scheme
Holdings
Withdrawn status Lost status Source of classification or shelving scheme Damaged status Not for loan Permanent Location Current Location Date acquired Total Checkouts Full call number Barcode Date last seen Date last checked out Cost, replacement price Price effective from Koha item type
          School of Art Design and Architecture (SADA) School of Art Design and Architecture (SADA) 09/29/2010 1 720.973 MUM 1972 SADA0000265 08/29/2013 08/29/2013 814.00 08/05/2011 Book
© 2023 Central Library, National University of Sciences and Technology. All Rights Reserved.